00489nam a22001697a 450000500170000001000150001702000260003203500140005803700090007208200100008110000160009124500790010725000060018626000370019227000710022930000190030020260417154014.0 aENG-148254 a9789385509711c399.00 aEN-131786 bDBAD a158.1 aKalra, Ajay a Principles to Radically transform and Renew Your Life Thrive/cAjay Kalra a1 aMumbaibIndus Source Booksc2023 aPO Box 6194, Malabar Hill PObMumbaie400006minfo@indussource.com a220pc22cm(pb)